Literature - European | 3 | 4 | 0 | 0 | 85 | 24 | 72.14 | 1 | 1 |
Literature - British | 2 | 3 | 0 | 0 | 60 | 66 | 79.60 | 0 | 0 |
Literature - World and Miscellaneous | 2 | 1 | 0 | 0 | 40 | 52 | 62.33 | 1 | 1 |
Fine Arts - Painting | 1 | 2 | 0 | 0 | 35 | 79 | 96.00 | 0 | 0 |
RMP - World Mythology | 1 | 2 | 0 | 0 | 35 | 69 | 94.33 | 0 | 0 |
History - Cross, Historiography, and Miscellaneous | 1 | 2 | 0 | 0 | 35 | 75 | 85.00 | 0 | 0 |
Fine Arts - Music | 0 | 3 | 0 | 0 | 30 | 98 | 114.67 | 0 | 0 |
Literature - American | 0 | 3 | 0 | 0 | 30 | 72 | 75.00 | 0 | 0 |
Fine Arts - Miscellaneous | 0 | 2 | 0 | 0 | 20 | 118 | 121.50 | 0 | 0 |
Science - Physics | 0 | 1 | 0 | 0 | 10 | 93 | 93.00 | 0 | 0 |
Fine Arts - Ballet/Dance | 0 | 1 | 0 | 0 | 10 | 123 | 123.00 | 0 | 0 |
Fine Arts - Jazz | 0 | 1 | 0 | 0 | 10 | 84 | 84.00 | 0 | 0 |
Other - Other Academic and General Knowledge | 0 | 1 | 0 | 0 | 10 | 66 | 66.00 | 0 | 0 |
RMP - Buddhism | 0 | 1 | 0 | 0 | 10 | 86 | 86.00 | 0 | 0 |
RMP - Greco-Roman Mythology | 0 | 1 | 0 | 0 | 10 | 79 | 79.00 | 0 | 0 |
RMP - Philosophy | 0 | 1 | 0 | 0 | 10 | 101 | 101.00 | 0 | 0 |
Science - Astronomy | 0 | 1 | 0 | 0 | 10 | 90 | 90.00 | 0 | 0 |
Science - Biology | 0 | 1 | 0 | 0 | 10 | 107 | 107.00 | 0 | 0 |
Science - Chemistry | 0 | 1 | 0 | 0 | 10 | 113 | 113.00 | 0 | 0 |
Current Events - World | 0 | 1 | 0 | 0 | 10 | 81 | 81.00 | 0 | 0 |
History - World | 0 | 0 | 0 | 0 | 0 | | 0.00 | 0 | 0 |
History - European | 0 | 0 | 0 | 0 | 0 | | 0.00 | 0 | 0 |
Fine Arts - Opera | 0 | 0 | 0 | 0 | 0 | | 0.00 | 0 | 0 |
Fine Arts - Film | 0 | 0 | 0 | 0 | 0 | | 0.00 | 0 | 0 |
RMP - Hinduism | 0 | 0 | 0 | 0 | 0 | | 0.00 | 0 | 0 |
RMP - Islam | 0 | 0 | 0 | 0 | 0 | | 0.00 | 0 | 0 |
Fine Arts - Architecture | 0 | 0 | 0 | 0 | 0 | | 0.00 | 0 | 0 |
RMP - Hebrew Bible | 0 | 0 | 0 | 0 | 0 | | 0.00 | 0 | 0 |